Т. 3: Неорганические покрытия. Окраска металлов. Коррозия. Испытание покрытий; Справочное руководство по гальванотехнике

Dades bibliogràfiques
Parent link:Справочное руководство по гальванотехнике: пер. с нем./ под ред. В. И. Лайнера. Т. 3: Неорганические покрытия. Окраска металлов. Коррозия. Испытание покрытий.— , 1972-
Idioma:rus
Publicat: 1972
Matèries:
Format: Llibre
KOHA link:https://koha.lib.tpu.ru/cgi-bin/koha/opac-detail.pl?biblionumber=51174

MARC

LEADER 00000nam2a2200000 4500
001 51174
005 20231031034833.0
035 |a (RuTPU)RU\TPU\book\53576 
090 |a 51174 
100 |a 20030425d1972 km y0rusy50 ca 
101 1 |a rus  |c ger 
102 |a RU 
105 |a a g 001zy 
200 0 |a Т. 3: Неорганические покрытия. Окраска металлов. Коррозия. Испытание покрытий 
210 |d 1972 
215 |a 423 с.  |c ил. 
320 |a Библиогр. в конце глав 
461 1 |0 (RuTPU)RU\TPU\book\53571  |t Справочное руководство по гальванотехнике  |o пер. с нем.  |f под ред. В. И. Лайнера  |v Т. 3: Неорганические покрытия. Окраска металлов. Коррозия. Испытание покрытий  |d 1972- 
610 1 |a гальванотехника 
610 1 |a неорганические покрытия 
610 1 |a защитные пленки 
610 1 |a металлы 
610 1 |a тускнение 
610 1 |a серебро 
610 1 |a защита 
610 1 |a электролитически осажденные покрытия 
610 1 |a окраска 
610 1 |a металлические покрытия 
610 1 |a удаление 
610 1 |a коррозия 
610 1 |a справочники 
675 |a 621.357(035)  |v 3 
801 1 |a RU  |b 63413507  |c 20030425  |g PSBO 
801 2 |a RU  |b 63413507  |c 20210812  |g PSBO 
942 |c BK